00732cam a22002531 4500001001300000003000400013005001700017008004100034010001700075035002000092040001800112042001200130050002000142100002900162245002800191260001100219300005900230440004300289500001400332504003100346600005500377700002900432999001700461sa 67004881 DLC20260227112352.0890918s1967 ii ach b 000 0 hino  asa 67004881  a(OCoLC)20363554 aDLCcWaUdDLC apremarc00aPK2095.T8bR3241 aChaube, Shambhu Narayan.10aMānasa anuśīlana. c[1967] a5, 15, 4, 46, 532 p.billus., ports., facsims.c22 cm. 0aSūryakumārī pustakamālā,v35 aIn Hindi. aBibliographical footnotes.00aTulasīdāsa,d1532-1623.tRāmacaritamānasa.1 aPandey, Sudhakar,d1927- c74832d74832